书目信息 |
| 题名: |
锂电池及其安全
|
|
| 作者: | 王兵舰 , 张秀珍 著 | |
| 分册: | ||
| 出版信息: | 北京 冶金工业出版社 2022.04 |
|
| 页数: | 14, 417页 | |
| 开本: | 24cm | |
| 丛书名: | ||
| 单 册: | ||
| 中图分类: | TM911 | |
| 科图分类: | ||
| 主题词: | 锂电池--li dian chi--安全性--研究 | |
| 电子资源: | ||
| ISBN: | 978-7-5024-9047-8 | |
| 000 | 00981nam0 2200241 450 | |
| 001 | 011025153359 | |
| 005 | 20221025153359.0 | |
| 010 | @a978-7-5024-9047-8@dCNY88.00 | |
| 100 | @a20201004d2022 em y0chiy0120 ea | |
| 101 | 0 | @achi |
| 102 | @aCN@b110000 | |
| 105 | @aa z 000yy | |
| 106 | @ar | |
| 200 | 1 | @a锂电池及其安全@Ali dian chi ji qi an quan@f王兵舰, 张秀珍著 |
| 210 | @a北京@c冶金工业出版社@d2022.04 | |
| 215 | @a14, 417页@c图@d24cm | |
| 300 | @a融媒体图书 | |
| 330 | @a本书从多角度介绍了各种锂电池及其生产、使用的特点,锂电池生产、储存、运输、使用、废旧电池回收利用等各个环节存在的安全隐患、事故原因分析和事故防范措施,锂电池安全性能测试标准,最后还有事故案例分析,其目的是普及锂电池安全知识,使更多的人了解锂电池,认识锂电池存在的安全风险,掌握正确的锂电池使用方法。 | |
| 606 | 0 | @a锂电池@Ali dian chi@x安全性@x研究 |
| 690 | @aTM911@v5 | |
| 701 | 0 | @a王兵舰@Awang bing jian@4著 |
| 701 | 0 | @a张秀珍@Azhang xiu zhen@4著 |
| 905 | @a河南城建学院图书馆@dTM911@eW112 | |
| 锂电池及其安全/王兵舰, 张秀珍著.-北京:冶金工业出版社,2022.04 |
| 14, 417页:图;24cm |
| 融媒体图书 |
| ISBN 978-7-5024-9047-8:CNY88.00 |
| 本书从多角度介绍了各种锂电池及其生产、使用的特点,锂电池生产、储存、运输、使用、废旧电池回收利用等各个环节存在的安全隐患、事故原因分析和事故防范措施,锂电池安全性能测试标准,最后还有事故案例分析,其目的是普及锂电池安全知识,使更多的人了解锂电池,认识锂电池存在的安全风险,掌握正确的锂电池使用方法。 |
| ● |
| 相关链接 |
|
|
|
正题名:锂电池及其安全
索取号:TM911/W112
 
预约/预借
| 序号 | 登录号 | 条形码 | 馆藏地/架位号 | 状态 | 备注 |
| 1 | 1587827 | 215878272 | 自科库301/301自科库 20排1列3层/ [索取号:TM911/W112] | 在馆 |